000 00570nam a2200241 a 4500
001 nice12345678
003 IN_TiNIC
005 20260116011305.0
008 050524s1946 beia grp 000 0 ara
020 _a
_c100
082 0 0 _a232.9
_bAMI
100 _aAmir Kaini Al, P
245 _aSeeratul Yesu
260 _aBeirut
_bAmeer Kaniya Press
_c1946
300 _a154p
500 _aincludes index and biblioraphy
505 2 _areference
650 _aJesus Christ-Biography
700 1 _aAmir Kaini Al, P
902 _bSRS
942 _cBK
999 _c213
_d213